03306nam a2200529Ia 45000010005000000080041000050100009000460410014000550820025000692450230000942600018003243000008003425200007003506300016003576300021003736500016003946900014004107000028004247000031004527000038004839010078005219020006005999030036006059040018006419050025006599060006006849070014006909080014007049090051007189100015007699110010007849120014007949130009008089140026008179150009008439160009008529170009008619180014008709190018008845201815009029210007027179220007027249230006027319240014027379420010027519990015027612313241029s9999 xx 000 0 und d a2172 aEspañol aMA-ES 00015 FH 2005. 0aNiveles de Estandarización entre los Planes de Estudio de la Licenciatura en Educación Mención Educación Inicial en las Instituciones de Educación Superior de Santo Domingo (República Dominicana), en el Año 2003 aSanto Domingo a121 a33 aEnseñanza aPlan de Estudios aEnseñanza aElaborado easesora Bravo, Delfina eautoraNova Cabrera, Yris  eautoraPeña Luna, Navia Teresa  a{"1":"Nova Cabrera","2":"Peña Luna"}b{"1":"Yris ","2":"Navia Teresa "} a1 a{"1":" Bravo"}b{"1":"Delfina"} aMaestría en aEnseñanza Superior a2 aNO APLICA aNO APLICA aUniversidad Autónoma de Santo Domingo (UASD) aNULLbNULL a["1"] aNO APLICA aNULL a07 de Febrero de 2005 aNULL aNULL aNULL aNO APLICA a["202","159"] aLa investigación pretendió determinar el nivel de estandarización existente entre los planes de estudio de la Licenciatura en Educación Mención Inicial en las instituciones de educación superior de Santo Domingo (República Dominicana) en el año 2003, así como analizar los requisitos de ingreso para los aspirantes a cursar dicha Licenciatura en las instituciones de educación superior.El estudio fue de tipo exploratorio, documental y comparativo, fundamentado en los métodos analítico, inductivo, deductivo y sintético, para el cual se emplearon las técnicas de: análisis documental, fichado lectura, relectura y análisis de documentos y entrevistas. La población estuvo conformada por las universidades: UASD, , Federico Enrique y Carvajal (UFHC), Universidad Iberoamericana, Universidad Católica de Santo Domingo, Universidad del Caribe y la escuela Normal Félix Evaristo Mejía.El estudio concluye que los requisitos de admisión para cursar dicha Licenciatura no están definidos, pues se asumen los mismos exigidos para cursar todas las carreras, puesto que no se hacen evaluaciones a través de test vocacionales o de otro tipo para saber si se tiene aptitudes para desempeñarse como docente. Por otro lado se verifico que no se exponen de forma clara los fundamentos filosóficos, sociológicos, pedagógicos y psicológicos de dicha carrera, así como que las instituciones no cuentan con un mecanismo de evaluación de los planes de estudios, prácticas docentes y didáctica, pero que dichos planes cuentan con las asignaturas básicas, pero carecen de un perfil del profesional a formar, por lo que el estudio recomienda realizar una reestructuración de los planes de estudio, revisando sus contenidos, pertinencia y adecuación al contexto. a16 a16 a0 aNO APLICA cTesis c2172d2172